Philmont country: (Record no. 29853)
[ view plain ]
| 000 -LEADER | |
|---|---|
| fixed length control field | 00924cam a22002531 4500 |
| 001 - CONTROL NUMBER | |
| control field | gs 64000234 |
| 003 - CONTROL NUMBER IDENTIFIER | |
| control field | DLC |
| 005 - DATE AND TIME OF LATEST TRANSACTION | |
| control field | 20260227111414.0 |
| 008 - FIXED-LENGTH DATA ELEMENTS--GENERAL INFORMATION | |
| fixed length control field | 760417s1964 dcu 000 0 eng |
| 010 ## - LIBRARY OF CONGRESS CONTROL NUMBER | |
| LC control number | gs 64000234 |
| 035 ## - SYSTEM CONTROL NUMBER | |
| System control number | (OCoLC)2118207 |
| 040 ## - CATALOGING SOURCE | |
| Original cataloging agency | DLC |
| Transcribing agency | NmU |
| Modifying agency | ISS |
| -- | OCoLC |
| -- | DLC |
| 042 ## - AUTHENTICATION CODE | |
| Authentication code | premarc |
| 050 00 - LIBRARY OF CONGRESS CALL NUMBER | |
| Classification number | QE75 |
| Item number | .P9 no. 505 |
| 086 0# - GOVERNMENT DOCUMENT CLASSIFICATION NUMBER | |
| Classification number | I 19.16:505 |
| 100 1# - MAIN ENTRY--PERSONAL NAME | |
| Personal name | Robinson, G. D. |
| Fuller form of name | (Gershon Du Vall), |
| Dates associated with a name | 1918- |
| 245 10 - TITLE STATEMENT | |
| Title | Philmont country: |
| Remainder of title | the rocks and landscape of a famous New Mexico ranch, |
| Statement of responsibility, etc. | by G. D. Robinson [and others] Illustrated by John R. Stacy. |
| 260 ## - PUBLICATION, DISTRIBUTION, ETC. | |
| Place of publication, distribution, etc. | Washington, |
| Name of publisher, distributor, etc. | U.S. Govt. Print. Off., |
| Date of publication, distribution, etc. | 1964. |
| 300 ## - PHYSICAL DESCRIPTION | |
| Extent | viii, 152 p. |
| Other physical details | illus., maps (3 col.) diagrs. (2 col.) 29 cm. |
| 440 #0 - SERIES STATEMENT/ADDED ENTRY--TITLE | |
| Title | [U. S.] Geological Survey. |
| Volume/sequential designation | Professional paper 505 |
| 500 ## - GENERAL NOTE | |
| General note | Part of illustrative matter in pocket. |
| 504 ## - BIBLIOGRAPHY, ETC. NOTE | |
| Bibliography, etc. note | Bibliography: p. 150. |
| 650 #0 - SUBJECT ADDED ENTRY--TOPICAL TERM | |
| Topical term or geographic name entry element | Geology |
| Geographic subdivision | New Mexico |
| -- | Colfax County. |
No items available.